Billboard #1 Albums of 2000 - Statistics

General Stats
  • This quiz has been taken 463 times
  • The average score is 7 of 17
Answer Stats
Weeks #1 Album Artist % Correct
1 Oops!... I Did It Again Britney Spears
96%
8 The Marshall Mathers LP Eminem
90%
1 Music Madonna
63%
1 Vol. 3... The Life and Times of S. Carter Jay Z
62%
1 The Dynasty Roc La Familio (2000-- ) Jay Z
62%
8 No Strings Attached 'N Sync
59%
5 Country Grammar Nelly
56%
2 Chocolate Starfish and the Hotdog Flavored Water Limp Bizkit
44%
1 Kid A Radiohead
43%
2 Black & Blue Backstreet Boys
37%
8 1 The Beatles
31%
1 ... And Then There Was X DMX
30%
1 Rule 3:36 Ja Rule
20%
1 tp-2.com R. Kelly
17%
2 Voodoo D'Angelo
16%
1 G.O.A.T. : The Greatest of All Time LL Cool J
14%
1 Let's Get Ready Mystikal
5%
No matching quizzes found
Score Distribution
Percent of People with Each Score
Percentile by Number Answered
Your Score History
You have not taken this quiz